|
|
|
|
| LEADER |
00754nam a22001817a 4500 |
| 020 |
|
|
|a 9789384075804
|
| 082 |
|
|
|a M2
|b LAL/L
|
| 100 |
|
|
|a Lalithambika Antharjanam
|9 7762
|
| 245 |
|
|
|a Lalithambika Antharjanathinte randu natakangal/
|c by Lalithambika Antharjanam.
|
| 260 |
|
|
|a Kottayam:
|b SPCS,
|c 2014.
|
| 300 |
|
|
|a 109p.
|
| 650 |
|
|
|a Drama Malayalam
|9 7763
|
| 650 |
|
|
|a Literature Malayalam
|9 7764
|
| 650 |
|
|
|a Literature
|9 7765
|
| 942 |
|
|
|c BK
|
| 999 |
|
|
|c 63776
|d 63776
|
| 952 |
|
|
|0 0
|1 0
|4 0
|6 M_2_000000000000000_LAL_L
|7 0
|9 85182
|a SSUS
|b SSUS
|c STACKS
|d 2016-12-14
|g 80.00
|l 3
|o M2 LAL/L
|p 082924
|r 2019-12-05
|s 2019-11-15
|w 2016-12-14
|y BK
|
| 952 |
|
|
|0 0
|1 0
|4 0
|6 M_2_000000000000000_LAL_L
|7 0
|9 85183
|a SSUS
|b SSUS
|c STACKS
|d 2019-10-04
|g 80.00
|o M2 LAL/L
|p 096523
|r 2019-10-04
|w 2019-10-04
|y BK
|